[Event "Aratovsky mem"]
[Site "Saratov RUS"]
[Date "1999.??.??"]
[Round "6"]
[White "Sambuev, Bator"]
[Black "Kniazev, Alexander V"]
[Result "1/2-1/2"]
[WhiteElo "2390"]
[BlackElo "2238"]
[PlyCount "139"]
[EventDate "1999.??.??"]
[EventType "swiss"]
[EventRounds "9"]
[EventCountry "RUS"]
[Source "ChessBase"]
[SourceDate "2000.01.11"]

1. Nf3 c5 2. c4 Nc6 3. Nc3 e5 4. g3 g6 5. Bg2 Bg7 6. O-O Nge7 7. d3 d6 8. a3
O-O 9. Rb1 Rb8 10. b4 h6 11. Ne1 Be6 12. b5 Nd4 13. e3 Ndf5 14. Bd2 h5 15. Nd5
Qd7 16. Nc2 f6 17. Bc3 Rbc8 18. a4 Bh6 19. Qf3 Rb8 20. Qe2 Ng7 21. f4 Nxd5 22.
cxd5 Bg4 23. Qf2 Qe7 24. Na3 Bd7 25. Nc4 Rbd8 26. Ba5 Rc8 27. h3 Bf5 28. e4 Bd7
29. fxe5 fxe5 30. Qe2 Rxf1+ 31. Rxf1 Ne8 32. Bd2 Bxd2 33. Qxd2 Kg7 34. Kh2 Rb8
35. Qa5 Ra8 36. Rf2 Qd8 37. Qxd8 Rxd8 38. Rb2 Kf7 39. h4 Ke7 40. Bh3 Nf6 41.
Na5 Rb8 42. Rf2 Ng4+ 43. Bxg4 Bxg4 44. Nc4 Bd1 45. a5 Bg4 46. Kg2 Bd7 47. b6 a6
48. Nxd6 Kxd6 49. Rf6+ Ke7 50. Rxg6 Bb5 51. Re6+ Kd7 52. Kf3 Bxd3 53. Ke3 c4
54. Rg6 Rf8 55. Rg7+ Kc8 56. Rc7+ Kb8 57. Re7 Kc8 58. Rxe5 Kd7 59. Rxh5 Re8 60.
e5 Rg8 61. Kd4 Rg4+ 62. Kc3 Rxg3 63. Rh8 Re3 64. Rb8 Rxe5 65. Rxb7+ Kd6 66. Rg7
Rxd5 67. b7 Rb5 68. h5 Kc6 69. h6 Rxb7 70. Rxb7 1/2-1/2

[Event "Aratovsky mem"]
[Site "Saratov RUS"]
[Date "1999.??.??"]
[Round "7"]
[White "Feoktistov, Alexey"]
[Black "Sambuev, Bator"]
[Result "1/2-1/2"]
[WhiteElo "2359"]
[BlackElo "2390"]
[PlyCount "96"]
[EventDate "1999.??.??"]
[EventType "swiss"]
[EventRounds "9"]
[EventCountry "RUS"]
[Source "ChessBase"]
[SourceDate "2000.01.11"]

1. d4 e6 2. c4 Nf6 3. g3 d5 4. Bg2 dxc4 5. Nf3 a6 6. O-O Nbd7 7. Qc2 Be7 8.
Nbd2 Nb6 9. Nxc4 Nxc4 10. Qxc4 O-O 11. Ne5 Nd7 12. Nd3 Nb6 13. Qc2 Nd5 14. e4
Nb4 15. Nxb4 Bxb4 16. Bf4 c6 17. Qb3 Bd6 18. Bd2 c5 19. e5 Bc7 20. Rac1 cxd4
21. f4 Bb6 22. Bb4 Re8 23. Bd6 Bd7 24. Bxb7 Bb5 25. Rfd1 Be2 26. Rd3 Ra7 27.
Bc6 Bxd3 28. Qxd3 Ree7 29. b4 Rec7 30. a4 Qc8 31. Bxc7 Rxc7 32. b5 axb5 33.
axb5 g6 34. Qa3 d3+ 35. Kg2 d2 36. Rd1 Rxc6 37. bxc6 Qxc6+ 38. Qf3 Qc2 39. Kf1
Kg7 40. Ke2 Ba5 41. Qd3 Qc6 42. Qf3 Qc4+ 43. Qd3 Qc6 44. Qf3 Qb5+ 45. Qd3 Qb7
46. Qf3 Qb2 47. Qe3 h5 48. Qc5 Bb4 1/2-1/2

[Event "Aratovsky mem"]
[Site "Saratov RUS"]
[Date "1999.??.??"]
[Round "9"]
[White "Nachev, Sergei"]
[Black "Sambuev, Bator"]
[Result "1-0"]
[WhiteElo "2333"]
[BlackElo "2390"]
[PlyCount "49"]
[EventDate "1999.??.??"]
[EventType "swiss"]
[EventRounds "9"]
[EventCountry "RUS"]
[Source "ChessBase"]
[SourceDate "2000.01.11"]

1. f4 Nf6 2. Nf3 d5 3. g3 c5 4. Bg2 b5 5. d3 Bb7 6. O-O Nbd7 7. e4 dxe4 8. Ng5
Qb6 9. Nxe4 Nxe4 10. dxe4 c4+ 11. Kh1 e6 12. f5 O-O-O 13. fxe6 Ne5 14. Qh5 Qxe6
15. Bf4 Bd6 16. Nc3 g6 17. Qh4 b4 18. Nd5 f5 19. Rad1 Ng4 20. h3 Ne5 21. exf5
gxf5 22. Rfe1 Kb8 23. Nxb4 Bxg2+ 24. Kxg2 Rhe8 25. Bxe5 1-0

[Event "Moscow-ch"]
[Site "Moscow RUS"]
[Date "1999.??.??"]
[Round "1"]
[White "Alagulian, Kamo"]
[Black "Sambuev, Bator"]
[Result "1-0"]
[WhiteElo "2171"]
[BlackElo "2409"]
[PlyCount "45"]
[EventDate "1999.??.??"]
[EventType "swiss"]
[EventRounds "9"]
[EventCountry "RUS"]
[Source "ChessBase"]
[SourceDate "2000.11.22"]

1. e4 e6 2. Nf3 d5 3. Nc3 Nf6 4. e5 Nfd7 5. d4 c5 6. dxc5 Bxc5 7. Bd3 Nc6 8.
Bf4 f6 9. exf6 Nxf6 10. Qe2 O-O 11. O-O-O Qa5 12. Kb1 Bd7 13. Ne5 Nxe5 14. Bxe5
b5 15. g4 b4 16. g5 bxc3 17. gxf6 Rab8 18. b3 Rxf6 19. Bxf6 gxf6 20. Rhg1+ Kf8
21. Qg4 Ke8 22. Qg8+ Bf8 23. Rg7 1-0

[Event "Moscow-ch"]
[Site "Moscow RUS"]
[Date "1999.??.??"]
[Round "3"]
[White "Krasnikov, Denis"]
[Black "Sambuev, Bator"]
[Result "0-1"]
[WhiteElo "2245"]
[BlackElo "2409"]
[PlyCount "84"]
[EventDate "1999.??.??"]
[EventType "swiss"]
[EventRounds "9"]
[EventCountry "RUS"]
[Source "ChessBase"]
[SourceDate "2000.11.22"]

1. e4 c5 2. Nc3 Nc6 3. g3 g6 4. Bg2 Bg7 5. d3 d6 6. Be3 e6 7. Qd2 Nd4 8. Nge2
Ne7 9. O-O O-O 10. Rab1 Nec6 11. a3 Qa5 12. Kh1 Nxe2 13. Nxe2 Qxd2 14. Bxd2 Bd7
15. Bf4 Be5 16. Be3 Nd4 17. Nxd4 cxd4 18. Bd2 Rac8 19. Rfc1 Ba4 20. c4 Bb3 21.
Bb4 g5 22. a4 Bxa4 23. Ra1 Bc6 24. Rxa7 f5 25. exf5 Rxf5 26. Bxc6 bxc6 27. Be1
Rf3 28. Ra3 c5 29. Kg2 Rcf8 30. Rb1 h5 31. b4 cxb4 32. Rxb4 g4 33. Rb7 h4 34.
Rab3 h3+ 35. Kf1 Bxg3 36. hxg3 Rxg3 37. Rb8 h2 38. Rxf8+ Kxf8 39. fxg3 h1=Q+
40. Ke2 Qf3+ 41. Kd2 e5 42. Ra3 Ke7 0-1

[Event "Moscow-ch"]
[Site "Moscow RUS"]
[Date "1999.??.??"]
[Round "4"]
[White "Sambuev, Bator"]
[Black "Granovski, Aleksandar"]
[Result "1/2-1/2"]
[WhiteElo "2409"]
[BlackElo "2302"]
[PlyCount "101"]
[EventDate "1999.??.??"]
[EventType "swiss"]
[EventRounds "9"]
[EventCountry "RUS"]
[Source "ChessBase"]
[SourceDate "2000.11.22"]

1. d4 Nf6 2. c4 c5 3. d5 b5 4. cxb5 a6 5. bxa6 g6 6. Nc3 Bxa6 7. e4 Bxf1 8.
Kxf1 d6 9. Nf3 Nbd7 10. g3 Bg7 11. Kg2 Qa5 12. h3 O-O 13. Re1 Rfb8 14. Re2 Ne8
15. Bf4 Rxb2 16. Rxb2 Bxc3 17. Bd2 Bxb2 18. Bxa5 Bxa1 19. Qxa1 Rxa5 20. e5 Nb6
21. Qe1 Ra7 22. Qb1 Ra6 23. e6 f6 24. h4 Nxd5 25. h5 Kg7 26. Qb8 Ndc7 27. Qd8
Kf8 28. hxg6 hxg6 29. Nh4 d5 30. Nxg6+ Kg7 31. Nf4 Kf8 32. Nxd5 Nxd5 33. Qxd5
Ng7 34. Qxc5 Rxa2 35. Qc8+ Ne8 36. g4 Ra5 37. Kg3 Rg5 38. f4 Rg8 39. Kf3 Kg7
40. Qb7 Kf8 41. Qb8 Kg7 42. g5 fxg5 43. fxg5 Rf8+ 44. Kg4 Nd6 45. Qb2+ Kg6 46.
Qc2+ Nf5 47. Qd3 Kg7 48. Qe4 Kg6 49. Kf4 Kg7 50. Ke5 Kg6 51. Qf4 1/2-1/2

[Event "Moscow-ch"]
[Site "Moscow RUS"]
[Date "1999.??.??"]
[Round "5"]
[White "Dukhin, Jokhan"]
[Black "Sambuev, Bator"]
[Result "0-1"]
[WhiteElo "2131"]
[BlackElo "2409"]
[PlyCount "109"]
[EventDate "1999.??.??"]
[EventType "swiss"]
[EventRounds "9"]
[EventCountry "RUS"]
[Source "ChessBase"]
[SourceDate "2000.11.22"]

1. e4 c5 2. Nf3 d6 3. d4 cxd4 4. Nxd4 Nf6 5. Nc3 g6 6. Be3 Bg7 7. f3 O-O 8. Qd2
Nc6 9. g4 Bxg4 10. fxg4 Nxg4 11. Nb3 a5 12. a4 Nb4 13. O-O-O Rc8 14. Nd4 Qb6
15. Nd5 Rxc2+ 16. Qxc2 Nxd5 17. Bg1 Nde3 18. Nb5 Bh6 19. Kb1 Qc6 20. Qxc6 bxc6
21. Nc3 Nxd1 22. Nxd1 Rb8 23. Be2 Ne5 24. Ne3 Rb4 25. Kc2 f5 26. exf5 gxf5 27.
Bf2 Kf7 28. Rf1 Ke6 29. b3 c5 30. Re1 Kf7 31. Nd5 Rb7 32. Bh5+ Ng6 33. Bh4 e5
34. Bd8 Ke6 35. Bxg6 hxg6 36. Rd1 e4 37. Bxa5 e3 38. Rd3 f4 39. Bc3 Rf7 40. Kd1
Rf5 41. Nc7+ Kd7 42. Nb5 d5 43. Ke2 f3+ 44. Kf1 Bg5 45. Be1 f2 46. Nc3 fxe1=Q+
47. Kxe1 Ke6 48. Nd1 d4 49. Ke2 Kd5 50. h4 Bh6 51. a5 Ke4 52. a6 Rf6 53. a7 Ra6
54. Nb2 Rxa7 55. Na4 0-1

[Event "Moscow-ch"]
[Site "Moscow RUS"]
[Date "1999.??.??"]
[Round "6"]
[White "Sambuev, Bator"]
[Black "Odesskij, Ilia"]
[Result "1/2-1/2"]
[WhiteElo "2409"]
[BlackElo "2425"]
[PlyCount "96"]
[EventDate "1999.??.??"]
[EventType "swiss"]
[EventRounds "9"]
[EventCountry "RUS"]
[Source "ChessBase"]
[SourceDate "2000.11.22"]

1. Nf3 d6 2. d4 g6 3. c4 Bg7 4. Nc3 Nf6 5. e4 O-O 6. Be2 e5 7. O-O exd4 8. Nxd4
Re8 9. f3 Nc6 10. Be3 Nh5 11. Qd2 Nf4 12. Rfd1 Nxd4 13. Bxd4 Qg5 14. Bf1 Bxd4+
15. Qxd4 Ne6 16. Qf2 Qc5 17. Nd5 Qxf2+ 18. Kxf2 Rd8 19. g3 Kf8 20. Bh3 c6 21.
Bxe6 Bxe6 22. Ne3 f6 23. Rd2 a6 24. Rc1 Rac8 25. Rd3 Rc7 26. a4 a5 27. f4 Bf7
28. Kf3 Re7 29. Ng4 f5 30. exf5 gxf5 31. Ne3 Be6 32. Rcd1 Red7 33. b3 Kg7 34.
h3 h5 35. Nc2 Kf6 36. Nd4 Bf7 37. Kf2 c5 38. Nf3 Be6 39. Re1 Re8 40. Rde3 Rde7
41. Rd1 Rd7 42. Nh4 b6 43. Rd5 Rf8 44. g4 hxg4 45. hxg4 Bxd5 46. g5+ Kg7 47.
cxd5 b5 48. axb5 Rb7 1/2-1/2

[Event "Moscow-ch"]
[Site "Moscow RUS"]
[Date "1999.??.??"]
[Round "7"]
[White "Riazantsev, Alexander"]
[Black "Sambuev, Bator"]
[Result "1/2-1/2"]
[WhiteElo "2387"]
[BlackElo "2409"]
[PlyCount "100"]
[EventDate "1999.??.??"]
[EventType "swiss"]
[EventRounds "9"]
[EventCountry "RUS"]
[Source "ChessBase"]
[SourceDate "2000.11.22"]

1. d4 Nf6 2. c4 e6 3. Nf3 b6 4. a3 Bb7 5. Nc3 d5 6. Bg5 Be7 7. e3 O-O 8. Rc1
Nbd7 9. cxd5 exd5 10. Bd3 c5 11. O-O Ne4 12. Bxe7 Qxe7 13. dxc5 bxc5 14. Qe2
Nxc3 15. Rxc3 c4 16. Bb1 Nc5 17. Rd1 g6 18. Nd4 a5 19. Qg4 Qf6 20. h4 Bc8 21.
Qg3 Bd7 22. e4 Nxe4 23. Bxe4 dxe4 24. Rxc4 Rac8 25. Rdc1 Rxc4 26. Rxc4 h5 27.
Qg5 Qxg5 28. hxg5 Rb8 29. b4 axb4 30. axb4 Kf8 31. Kh2 h4 32. Nc2 Ra8 33. Rxe4
Ra2 34. Ne3 Rxf2 35. Rxh4 Re2 36. Nd5 Bc6 37. Nf4 Re5 38. Nh3 Ke7 39. Rd4 Re2
40. Nf4 Re5 41. Rc4 Kd6 42. Rd4+ Ke7 43. Nh3 Re2 44. Rg4 Kd6 45. Kg1 Re1+ 46.
Kf2 Rb1 47. Kg3 Rb3+ 48. Kh2 Rb2 49. Kg1 Rb1+ 50. Kh2 Rb2 1/2-1/2

[Event "Moscow-ch"]
[Site "Moscow RUS"]
[Date "1999.??.??"]
[Round "8"]
[White "Sambuev, Bator"]
[Black "Dragomarezkij, Evgeni"]
[Result "0-1"]
[WhiteElo "2409"]
[BlackElo "2486"]
[PlyCount "62"]
[EventDate "1999.??.??"]
[EventType "swiss"]
[EventRounds "9"]
[EventCountry "RUS"]
[Source "ChessBase"]
[SourceDate "2000.11.22"]

1. Nf3 c5 2. c4 b6 3. g3 Bb7 4. Bg2 Nf6 5. O-O e6 6. Nc3 Be7 7. Re1 d6 8. e4 a6
9. d4 cxd4 10. Nxd4 Qc7 11. Be3 O-O 12. Rc1 Re8 13. g4 h6 14. f4 Nh7 15. Qd2
Nd7 16. b4 Rac8 17. Nb3 Qb8 18. g5 hxg5 19. f5 Rxc4 20. fxe6 fxe6 21. Bh3 Bf6
22. Nd5 Ne5 23. Nxf6+ Nxf6 24. Rf1 g4 25. Bg2 Bxe4 26. Rxf6 Rxc1+ 27. Qxc1 Bxg2
28. Nd4 gxf6 29. Kxg2 Qb7+ 30. Kg3 Qe4 31. Qc3 Ng6 0-1

[Event "Moscow-ch"]
[Site "Moscow RUS"]
[Date "1999.??.??"]
[Round "9"]
[White "Sambuev, Bator"]
[Black "Slugin, Sergey"]
[Result "0-1"]
[WhiteElo "2409"]
[BlackElo "2317"]
[PlyCount "98"]
[EventDate "1999.??.??"]
[EventType "swiss"]
[EventRounds "9"]
[EventCountry "RUS"]
[Source "ChessBase"]
[SourceDate "2000.11.22"]

1. Nf3 d5 2. d4 c6 3. c4 Nf6 4. Nc3 e6 5. Bg5 dxc4 6. e4 b5 7. e5 h6 8. Bh4 g5
9. Nxg5 hxg5 10. Bxg5 Nbd7 11. exf6 Bb7 12. g3 c5 13. d5 Bh6 14. Bxh6 Rxh6 15.
Bg2 Ne5 16. O-O b4 17. Re1 bxc3 18. bxc3 Qxf6 19. Rb1 Bxd5 20. Bxd5 Rd8 21.
Rxe5 Kf8 22. Qe2 exd5 23. Rb7 Kg7 24. Ree7 Rf8 25. Red7 Qf5 26. h4 Re6 27. Qd2
Re5 28. Rbc7 Rfe8 29. Qg5+ Kf8 30. Qxf5 Rxf5 31. Rxc5 Re1+ 32. Kg2 Re2 33. a4
Rfxf2+ 34. Kh3 Rc2 35. Rc8+ Kg7 36. Rxd5 f5 37. Rc7+ Kf6 38. Rc6+ Ke7 39. Rxf5
Rxf5 40. Rxc4 Rf3 41. Rc7+ Kf6 42. Rc6+ Ke5 43. Rc5+ Kd6 44. Rg5 Rcxc3 45. h5
Ke6 46. h6 Rf6 47. Rh5 Rc8 48. g4 Kf7 49. Kh4 Rh8 0-1

[Event "RUS-Cup"]
[Site "Tula  RUS"]
[Date "1999.??.??"]
[Round "2"]
[White "Kovalevskaya, Ekaterina"]
[Black "Sambuev, Bator"]
[Result "1-0"]
[WhiteElo "2499"]
[BlackElo "2409"]
[PlyCount "101"]
[EventDate "1999.??.??"]
[EventType "swiss"]
[EventRounds "9"]
[EventCountry "RUS"]
[Source "ChessBase"]
[SourceDate "1999.11.18"]

1. e4 e6 2. d4 d5 3. Nc3 Bb4 4. exd5 exd5 5. Bd3 Nc6 6. a3 Bxc3+ 7. bxc3 Nge7
8. Qh5 Be6 9. Rb1 g6 10. Qh4 Nf5 11. Qxd8+ Nxd8 12. Ne2 Nd6 13. Nf4 Kd7 14. O-O
Re8 15. a4 Nc6 16. Re1 Na5 17. f3 b6 18. Kf2 Rac8 19. g4 c5 20. h4 cxd4 21.
cxd4 Ndc4 22. h5 Kd6 23. hxg6 hxg6 24. Nh3 Bd7 25. Bf4+ Kc6 26. Ng5 f5 27. Rxe8
Rxe8 28. Rh1 fxg4 29. fxg4 Re7 30. Bxg6 Bxg4 31. Rh6 Kb7 32. Bf7 Rd7 33. Rh8
Nc6 34. c3 Nb2 35. Kg3 Bf5 36. Rf8 Ne7 37. Be8 Nd3 38. Bxd7 Bxd7 39. Rf7 Nf5+
40. Kf3 Kc6 41. Bb8 Nb2 42. Nh7 Nh6 43. Rf6+ Kb7 44. Bf4 Bf5 45. Bxh6 Be4+ 46.
Ke2 Nxa4 47. Kd2 a5 48. Ng5 Bb1 49. Nf7 Ba2 50. Kc2 b5 51. Nd6+ 1-0

[Event "RUS-Tch 1 liga"]
[Site "Korolev RUS"]
[Date "1999.??.??"]
[Round "1"]
[White "Sambuev, Bator"]
[Black "Yanvarjov, Igor"]
[Result "1-0"]
[WhiteElo "2409"]
[BlackElo "2415"]
[PlyCount "43"]
[EventDate "1999.??.??"]
[EventType "team"]
[EventRounds "5"]
[EventCountry "RUS"]
[Source "ChessBase"]
[SourceDate "2000.11.22"]

1. Nf3 d6 2. d4 Nf6 3. c4 g6 4. Nc3 Bg7 5. e4 Bg4 6. Be2 O-O 7. Be3 Nc6 8. d5
Bxf3 9. Bxf3 Ne5 10. Be2 Re8 11. g4 h6 12. h4 e6 13. g5 hxg5 14. hxg5 Nh7 15.
dxe6 Rxe6 16. Qd2 a6 17. f4 Nd7 18. Bd4 f6 19. c5 c6 20. O-O-O d5 21. exd5 cxd5
22. Bf3 1-0

[Event "RUS-Tch 1 liga"]
[Site "Korolev RUS"]
[Date "1999.??.??"]
[Round "2"]
[White "Kozlov, Vladimir"]
[Black "Sambuev, Bator"]
[Result "0-1"]
[WhiteElo "2327"]
[BlackElo "2409"]
[PlyCount "86"]
[EventDate "1999.??.??"]
[EventType "team"]
[EventRounds "5"]
[EventCountry "RUS"]
[Source "ChessBase"]
[SourceDate "2000.11.22"]

1. e4 e6 2. d4 d5 3. Nc3 Bb4 4. Nge2 dxe4 5. a3 Be7 6. Nxe4 Nc6 7. c3 Nf6 8.
N2g3 b6 9. Bb5 Bb7 10. Nxf6+ Bxf6 11. Qf3 Qd7 12. Nh5 O-O-O 13. Nxf6 gxf6 14.
Qxf6 Qd5 15. Be2 Qxg2 16. Bf3 Qg6 17. Qxg6 hxg6 18. Bg5 Rd7 19. Bf6 Rh7 20. Ke2
Ne7 21. Bxe7 Rxe7 22. Bxb7+ Kxb7 23. f4 Rh3 24. Rag1 Rd7 25. Rg3 Rh4 26. Kf3 c5
27. Ke3 cxd4+ 28. cxd4 Rc7 29. Rg2 Rc4 30. Rd1 Kc6 31. Kf3 Rh5 32. Kg4 Kd5 33.
Rgd2 a5 34. h4 a4 35. Kg3 b5 36. Kg4 b4 37. axb4 Rxb4 38. Rc1 f5+ 39. Kg3 Rb3+
40. Kg2 Rxh4 41. Rc5+ Kd6 42. Ra5 Rg4+ 43. Kh2 Rb8 0-1

[Event "RUS-Tch 1 liga"]
[Site "Korolev RUS"]
[Date "1999.??.??"]
[Round "3"]
[White "Sambuev, Bator"]
[Black "Djachkov, Sergej"]
[Result "0-1"]
[WhiteElo "2409"]
[BlackElo "2430"]
[PlyCount "140"]
[EventDate "1999.??.??"]
[EventType "team"]
[EventRounds "5"]
[EventCountry "RUS"]
[Source "ChessBase"]
[SourceDate "2000.11.22"]

1. Nf3 d6 2. d4 Nf6 3. c4 g6 4. Nc3 Bg7 5. e4 O-O 6. Be2 e5 7. O-O Nc6 8. d5
Ne7 9. Ne1 Ne8 10. Be3 f5 11. f3 Kh8 12. c5 Ng8 13. Nd3 f4 14. Bf2 h5 15. Nb5
g5 16. Rc1 a6 17. Na3 g4 18. fxg4 Nef6 19. Bh4 hxg4 20. Nf2 Qe8 21. cxd6 cxd6
22. Bxg4 Nxg4 23. Rxc8 Rxc8 24. Qxg4 Nh6 25. Qf3 Qg6 26. h3 Bf6 27. Bxf6+ Rxf6
28. Nd3 Nf7 29. Nf2 Qh7 30. Nb1 Rg8 31. Ng4 Rfg6 32. Qc3 Qg7 33. Nd2 Nh6 34.
Rf3 Nxg4 35. hxg4 Rh6 36. Rh3 Rh7 37. Rxh7+ Kxh7 38. g5 Qxg5 39. Qh3+ Qh6 40.
Qd7+ Qg7 41. Qh3+ Qh6 42. Qd7+ Kh8 43. Nf3 Qg7 44. Qh3+ Qh7 45. Qe6 Qg6 46.
Qh3+ Kg7 47. Qd7+ Kh6 48. Qh3+ Qh5 49. Qe6+ Rg6 50. Qc8 Kh7 51. Qxb7+ Rg7 52.
Qc8 Qg4 53. Qxg4 Rxg4 54. Nd2 Kg6 55. Kf2 Kf6 56. Nc4 Ke7 57. b4 Rg3 58. a4 Kd7
59. b5 axb5 60. axb5 Rb3 61. b6 Rb4 62. Nd2 Rxb6 63. Kf3 Rb2 64. Nf1 Rb1 65.
Kf2 Ke7 66. g3 Rxf1+ 67. Kxf1 fxg3 68. Kg2 Kf6 69. Kf3 Kg6 70. Kg2 Kh5 0-1

[Event "RUS-Tch 1 liga"]
[Site "Korolev RUS"]
[Date "1999.??.??"]
[Round "4"]
[White "Korotylev, Alexey"]
[Black "Sambuev, Bator"]
[Result "1-0"]
[WhiteElo "2440"]
[BlackElo "2409"]
[PlyCount "80"]
[EventDate "1999.??.??"]
[EventType "team"]
[EventRounds "5"]
[EventCountry "RUS"]
[Source "ChessBase"]
[SourceDate "2000.11.22"]

1. d4 Nf6 2. c4 e6 3. Nf3 b6 4. a3 Bb7 5. Nc3 g6 6. Qc2 Bg7 7. e4 d6 8. Be2 O-O
9. O-O c5 10. d5 Nbd7 11. Bg5 h6 12. Bh4 e5 13. Nd2 Kh8 14. b4 Rg8 15. Nb3 g5
16. Bg3 h5 17. f3 Bh6 18. Be1 Nf8 19. bxc5 bxc5 20. Nd1 Bc8 21. Bd2 Ng6 22. g3
Nf4 23. Ba5 Qf8 24. gxf4 gxf4+ 25. Kf2 Bh3 26. Rh1 Nxe4+ 27. Qxe4 f5 28. Qc2
Qe7 29. Ke1 Bg2 30. Qxf5 Qh4+ 31. Nf2 Bxh1 32. Bd3 Rg7 33. Ke2 Bg2 34. Nd2 Qxh2
35. Rb1 Bg5 36. Nde4 Be7 37. Rb7 Rf8 38. Qe6 Qh4 39. Bc3 Bxf3+ 40. Kxf3 Rg3+
1-0

[Event "Chigorin mem"]
[Site "St Petersburg RUS"]
[Date "1998.10.31"]
[Round "1"]
[White "Sherbakov, Ruslan"]
[Black "Sambuev, Bator"]
[Result "1-0"]
[WhiteElo "2555"]
[BlackElo "2340"]
[PlyCount "99"]
[EventDate "1998.10.31"]
[EventType "swiss"]
[EventRounds "9"]
[EventCountry "RUS"]
[Source "ChessBase"]
[SourceDate "1999.01.01"]

1. Nf3 Nf6 2. c4 e6 3. g3 d5 4. Bg2 dxc4 5. Qa4+ Bd7 6. Qxc4 Bc6 7. O-O Be7 8.
d4 O-O 9. Bg5 Bd5 10. Qc2 Be4 11. Qc1 b6 12. Nc3 Bb7 13. Qc2 Nd5 14. Nxd5 exd5
15. Bf4 c5 16. dxc5 bxc5 17. Rfd1 Na6 18. Ne5 Nc7 19. Nc4 Ne6 20. Be5 Rc8 21.
Qd2 Nd4 22. e3 dxc4 23. Bxb7 Qb6 24. Bg2 Nc6 25. Bc3 Nb4 26. Qe2 Nd3 27. b3 Bf6
28. Bxf6 Qxf6 29. bxc4 Ne5 30. Bd5 g6 31. Rab1 Rb8 32. Kg2 Kg7 33. Rb5 Rxb5 34.
cxb5 Rd8 35. e4 h5 36. h4 Qb6 37. Qb2 f6 38. a4 c4 39. Qa3 Qd6 40. Qxd6 Rxd6
41. a5 Rd8 42. Rc1 Rc8 43. f4 Ng4 44. Kf3 c3 45. b6 axb6 46. axb6 Rc5 47. b7
Rb5 48. Ke2 f5 49. Rxc3 Nf6 50. Rb3 1-0

[Event "Chigorin mem"]
[Site "St Petersburg RUS"]
[Date "1998.11.02"]
[Round "3"]
[White "Aleksandrov, Aleksej"]
[Black "Sambuev, Bator"]
[Result "1-0"]
[WhiteElo "2595"]
[BlackElo "2340"]
[PlyCount "73"]
[EventDate "1998.10.31"]
[EventType "swiss"]
[EventRounds "9"]
[EventCountry "RUS"]
[Source "ChessBase"]
[SourceDate "1999.01.01"]

1. d4 e6 2. c4 Nf6 3. Nc3 Bb4 4. e3 c5 5. Nge2 b6 6. a3 Ba5 7. Rb1 Na6 8. f3
O-O 9. d5 exd5 10. cxd5 b5 11. e4 b4 12. axb4 cxb4 13. Nb5 Qb6 14. Nbd4 b3+ 15.
Kf2 Nc5 16. Ng3 Bb7 17. Be3 Bxd5 18. Rc1 Bxe4 19. Rxc5 Qxc5 20. Nxb3 Qc7 21.
Nxa5 Bc2 22. Qd2 h5 23. h4 Bg6 24. Bd4 Rac8 25. Ba6 Rb8 26. Rc1 Qd6 27. Be2
Rfe8 28. Nc4 Qd5 29. Ne3 Qd6 30. Nef5 Qe6 31. Bd3 Rbc8 32. Ra1 Re7 33. Ra6 Rc6
34. Rxa7 Qb3 35. Ra3 Qe6 36. b4 Qd5 37. Ra8+ 1-0

[Event "Chigorin mem"]
[Site "St Petersburg RUS"]
[Date "1998.11.04"]
[Round "5"]
[White "Segal, Naum"]
[Black "Sambuev, Bator"]
[Result "0-1"]
[WhiteElo "2145"]
[BlackElo "2340"]
[PlyCount "94"]
[EventDate "1998.10.31"]
[EventType "swiss"]
[EventRounds "9"]
[EventCountry "RUS"]
[Source "ChessBase"]
[SourceDate "1999.01.01"]

1. b3 d5 2. Bb2 c5 3. e3 Nc6 4. f4 a6 5. Nf3 Nf6 6. Be2 d4 7. O-O g6 8. Ne5 Bg7
9. Nxc6 bxc6 10. Bf3 Bb7 11. e4 O-O 12. d3 Qc7 13. Bc1 Nd7 14. a4 e5 15. f5 c4
16. bxc4 c5 17. Nd2 Bh6 18. Nb3 Bxc1 19. Qxc1 Kg7 20. a5 Rab8 21. Be2 Qd6 22.
Rf3 Bc6 23. Rg3 Nf6 24. Qd2 h6 25. Rf1 Ba4 26. Rh3 Rh8 27. Bd1 Bxb3 28. cxb3 g5
29. Rg3 Kf8 30. h4 g4 31. h5 Ke7 32. Kf2 Rbg8 33. Be2 Rg5 34. Rh1 Rb8 35. Bd1
Qc7 36. Rh4 Qb7 37. Rhxg4 Nxg4+ 38. Rxg4 Rbg8 39. Rxg5 Rxg5 40. g4 Qb4 41. Qa2
Rg8 42. Kg2 Qe1 43. Bf3 Rb8 44. Qa4 Kd6 45. Qa2 Qc3 46. Be2 Rxb3 47. Kf3 Rb2
0-1

[Event "Chigorin mem"]
[Site "St Petersburg RUS"]
[Date "1998.11.06"]
[Round "6"]
[White "Sambuev, Bator"]
[Black "Turov, Maxim"]
[Result "1-0"]
[WhiteElo "2340"]
[BlackElo "2460"]
[PlyCount "73"]
[EventDate "1998.10.31"]
[EventType "swiss"]
[EventRounds "9"]
[EventCountry "RUS"]
[Source "ChessBase"]
[SourceDate "1999.01.01"]

1. Nf3 Nf6 2. c4 g6 3. Nc3 d5 4. cxd5 Nxd5 5. e4 Nxc3 6. dxc3 Qxd1+ 7. Kxd1 Bg4
8. Bf4 c6 9. Kc2 Nd7 10. Nd2 e5 11. Bg3 f6 12. Bc4 Nb6 13. Bb3 Bc5 14. a4 a5
15. h3 Bd7 16. f4 exf4 17. Bxf4 Ke7 18. Rae1 Rhe8 19. g4 Be6 20. e5 Nd7 21.
exf6+ Kxf6 22. Bxe6 Rxe6 23. Bg5+ Kxg5 24. Rxe6 Kh4 25. Ne4 Bf8 26. Rf1 Nb6 27.
Rf7 Kxh3 28. Rxb7 Nd5 29. g5 Kg4 30. Rxc6 Kf4 31. Nf6 Ne3+ 32. Kb3 h5 33. gxh6
Bxh6 34. Nh5+ Kg5 35. Rb5+ Nf5 36. Ng3 Bf8 37. Rxg6+ 1-0

[Event "Chigorin mem"]
[Site "St Petersburg RUS"]
[Date "1998.11.08"]
[Round "8"]
[White "Sambuev, Bator"]
[Black "Yagupov, Igor"]
[Result "0-1"]
[WhiteElo "2340"]
[BlackElo "2450"]
[PlyCount "134"]
[EventDate "1998.10.31"]
[EventType "swiss"]
[EventRounds "9"]
[EventCountry "RUS"]
[Source "ChessBase"]
[SourceDate "1999.01.01"]

1. e4 c5 2. Nf3 e6 3. d4 cxd4 4. Nxd4 Nf6 5. Nc3 Nc6 6. g3 Qb6 7. Nb3 Bb4 8.
Bg2 d5 9. O-O d4 10. Na4 Qb5 11. c3 Qxa4 12. cxb4 Qxb4 13. Bd2 Qb6 14. e5 Nxe5
15. Ba5 Qd6 16. Nxd4 O-O 17. Nf5 Qd7 18. Qxd7 Bxd7 19. Ne7+ Kh8 20. Bc3 Nc6 21.
Bxf6 gxf6 22. Rfd1 Rad8 23. Rd6 Nb8 24. Bxb7 Rfe8 25. Nc6 Bxc6 26. Bxc6 Nxc6
27. Rxc6 Re7 28. Rac1 Kg7 29. R1c2 f5 30. Kg2 Rd4 31. R6c4 Rd3 32. Ra4 Red7 33.
b3 Kg6 34. Rac4 a5 35. Rc5 a4 36. b4 R7d4 37. Rb2 a3 38. Rb1 Rd2 39. Rc3 Rxa2
40. b5 Rdd2 41. Rf3 e5 42. Rbb3 e4 43. Rf4 Rdb2 44. Rc3 Rxb5 45. g4 fxg4 46.
Rxg4+ Rg5 47. Rxg5+ Kxg5 48. Kg3 Rd2 49. h4+ Kf5 50. Rc5+ Ke6 51. Ra5 a2 52.
Kf4 f5 53. Ke3 Rc2 54. h5 Kf6 55. f4 Ke6 56. h6 Kd6 57. Ra6+ Kc5 58. Rxa2 Rc3+
59. Ke2 Rh3 60. Ra5+ Kd4 61. Rxf5 Rh2+ 62. Ke1 Ke3 63. Kf1 Kf3 64. Kg1 Rg2+ 65.
Kh1 e3 66. Re5 Rg4 67. f5 Kf2 0-1

[Event "Chigorin mem"]
[Site "St Petersburg RUS"]
[Date "1998.11.09"]
[Round "9"]
[White "Rogovoi, Mark"]
[Black "Sambuev, Bator"]
[Result "0-1"]
[WhiteElo "2225"]
[BlackElo "2340"]
[PlyCount "104"]
[EventDate "1998.10.31"]
[EventType "swiss"]
[EventRounds "9"]
[EventCountry "RUS"]
[Source "ChessBase"]
[SourceDate "1999.01.01"]

1. e4 c5 2. Nf3 d6 3. d4 cxd4 4. Nxd4 Nf6 5. Nc3 g6 6. Be3 Bg7 7. f3 O-O 8. Qd2
Nc6 9. O-O-O d5 10. Qe1 e5 11. Nxc6 bxc6 12. exd5 cxd5 13. Bg5 Be6 14. Bc4 Rc8
15. Bxd5 Nxd5 16. Bxd8 Nxc3 17. bxc3 Rfxd8 18. Rxd8+ Rxd8 19. Qe3 Rb8 20. Rd1
h5 21. Kd2 Rb2 22. Qxa7 Rxa2 23. Qb8+ Kh7 24. Rb1 Bh6+ 25. Kd1 Ra5 26. Ke1 Rc5
27. Qb4 Rc4 28. Qa5 e4 29. Ke2 exf3+ 30. gxf3 Bg7 31. Kd3 Rf4 32. Qa8 Bf5+ 33.
Kd2 Bh6 34. Ke2 Rh4 35. Rh1 Rc4 36. Qe8 Be6 37. Rd1 Rxc3 38. Qa4 Rc4 39. Qb3
Rh4 40. Qb8 Bf4 41. Qf8 Rxh2+ 42. Kd3 Rf2 43. Kc3 Be5+ 44. Kd3 Bg7 45. Qa8 Bf5+
46. Kc4 Rxc2+ 47. Kd5 Rc8 48. Qa5 Bf6 49. Rh1 Rc3 50. f4 Rd3+ 51. Kc5 Be4 52.
Qa6 Rd5+ 0-1